<?xml version="1.0" encoding="UTF-8"?><?xml-stylesheet type="text/xsl" href="static/style.xsl"?><OAI-PMH xmlns="http://www.openarchives.org/OAI/2.0/" xmlns:xsi="http://www.w3.org/2001/XMLSchema-instance" xsi:schemaLocation="http://www.openarchives.org/OAI/2.0/ http://www.openarchives.org/OAI/2.0/OAI-PMH.xsd"><responseDate>2026-04-14T03:21:30Z</responseDate><request verb="GetRecord" identifier="oai:www.recercat.cat:10230/46266" metadataPrefix="marc">https://recercat.cat/oai/request</request><GetRecord><record><header><identifier>oai:recercat.cat:10230/46266</identifier><datestamp>2025-12-22T20:19:49Z</datestamp><setSpec>com_2072_6</setSpec><setSpec>col_2072_452954</setSpec></header><metadata><record xmlns="http://www.loc.gov/MARC21/slim" xmlns:dcterms="http://purl.org/dc/terms/" xmlns:xsi="http://www.w3.org/2001/XMLSchema-instance" xmlns:doc="http://www.lyncode.com/xoai" xsi:schemaLocation="http://www.loc.gov/MARC21/slim http://www.loc.gov/standards/marcxml/schema/MARC21slim.xsd">
   <leader>00925njm 22002777a 4500</leader>
   <datafield ind2=" " ind1=" " tag="042">
      <subfield code="a">dc</subfield>
   </datafield>
   <datafield ind2=" " ind1=" " tag="720">
      <subfield code="a">Casanova de Vilalta, Lydia</subfield>
      <subfield code="e">author</subfield>
   </datafield>
   <datafield ind2=" " ind1=" " tag="260">
      <subfield code="c">2021-01-26T10:21:34Z</subfield>
   </datafield>
   <datafield ind2=" " ind1=" " tag="260">
      <subfield code="c">2021-01-26T10:21:34Z</subfield>
   </datafield>
   <datafield ind2=" " ind1=" " tag="260">
      <subfield code="c">2020-07</subfield>
   </datafield>
   <datafield ind2=" " ind1=" " tag="520">
      <subfield code="a">Treball fi de màster de: Master in Cognitive Systems and Interactive Media</subfield>
   </datafield>
   <datafield ind2=" " ind1=" " tag="520">
      <subfield code="a">Directors: Patricia Santos, Marc Beardsley</subfield>
   </datafield>
   <datafield ind2=" " ind1=" " tag="520">
      <subfield code="a">Applied cognitive psychology has been a center topic for a number of research works&#xd;
in last decades. In particular, there are studies conducted on memory, cognition&#xd;
and on the science of learning. The latter are meant to find new methods in order&#xd;
to improve the process of learning. The use of the Retrieval Practice (RP) and&#xd;
Distributed Learning (DL) has been proved to be improving the efficiency of learning&#xd;
when compared to Massive Learning (ML) practices (which is the most used method&#xd;
in formal education). Even though there are studies which proved the advantages&#xd;
of using DL, different patterns can be found and it is not clear which one is the best&#xd;
to apply to get the best students’ results.&#xd;
This study was conducted in the last 3 courses of primary education and the learning&#xd;
topic was Computational Thinking (CT). CT is one of the 21st century skills that&#xd;
gained more attention and it is progressively being incorporated in formal learning&#xd;
since the early stages of education. CT refers to understanding how to develop stepby-step solutions of problems, helping students to use and improve logical thinking,&#xd;
pattern recognition and decomposition skills. New generations are likely to live in&#xd;
a technologically integrated society, hence, CT might become an essential skill that&#xd;
will enable them to understand and manipulate the technology that surrounds them.&#xd;
Thus, the main goal of this project is to find out how the learning process is affected&#xd;
by different patterns of distributed practice and discover which is the distribution&#xd;
that leads to a better performance in the latter, as well as being suitable to apply&#xd;
in formal learning contexts. In order to do that, two different patterns of DL and&#xd;
a ML group (as a control group) will be compared with the aim to find which one&#xd;
of the two reaches the best performance using RP as a constant in all groups. As&#xd;
a result, I expect that DL groups will perform better than the ML groups, and I&#xd;
forsee to find out whether there is a significant difference in performance between&#xd;
the two DL patterns tested.</subfield>
   </datafield>
   <datafield tag="653" ind2=" " ind1=" ">
      <subfield code="a">Distributed Learning</subfield>
   </datafield>
   <datafield tag="653" ind2=" " ind1=" ">
      <subfield code="a">Computational Thinking</subfield>
   </datafield>
   <datafield tag="653" ind2=" " ind1=" ">
      <subfield code="a">Massive Learning</subfield>
   </datafield>
   <datafield tag="653" ind2=" " ind1=" ">
      <subfield code="a">Retrieval Practice</subfield>
   </datafield>
   <datafield tag="653" ind2=" " ind1=" ">
      <subfield code="a">Formal Education</subfield>
   </datafield>
   <datafield ind2="0" ind1="0" tag="245">
      <subfield code="a">Effects of distributed learning patterns on elementary student learning of computational thinking</subfield>
   </datafield>
</record></metadata></record></GetRecord></OAI-PMH>